Stret na dosah ruky? Neoliberalizmus v Česko-Slovensku: ekonomika a politika

Bibliographic Details
Main Author: Kurucz, Milan, 1954- (Author)
Format: Article
Language:Slovak
Subjects:

MARC

LEADER 00000nab a2200000 a 4500
001 vtls000408439
003 SK-MaSNL
005 20260311224906.0
008 160115c1991 xo 0 slo
015 |a SNBRB19rr/mm-uuuuu 
035 |a CL0408563 
040 |a SNKBUCL  |b slo  |c SNKBUCL  |e AACR2 
041 0 |a slo 
044 |a xo  |c SK 
080 |a 323(043.7):329(437):338.2  |2 1981 
080 |a 329(437)  |2 1981 
080 |a 338.2  |2 1981 
080 |a 338.2(437)  |2 1981 
100 1 |a Kurucz, Milan,  |d 1954-  |4 aut  |9 217957 
245 1 0 |a Stret na dosah ruky?  |b Neoliberalizmus v Česko-Slovensku: ekonomika a politika  |c Milan Kurucz 
650 0 7 |a vnútorná politika  |2 snkbucl  |9 970 
650 0 7 |a politické strany  |2 snkbucl  |9 3589 
650 0 7 |a politické hnutia  |2 snkbucl  |9 4833 
650 0 7 |a ekonomické reformy  |2 snkbucl  |9 2145 
651 7 |a Československo  |2 snkbucl  |9 21376 
655 7 |a články z novín a časopisov  |2 snkbucl  |9 267496 
773 0 |t Nové slovo  |g Roč. 33, č. 6 (1991), s. 3 
850 |a Slovenská národná knižnica v Martine  |a MTA001 
852 |a SNK  |b KIS3GCP 
958 |a RK 
992 |a RBX 
999 |c 3263021  |d 3264951